Jurisprudencia divorcio

Збережено в:
Бібліографічні деталі
Автор: Zavala Ortiz, José Luis (Автор)
Інші автори: Montecinos Fabio, Carolina (autora)
Формат: Книга
Мова:Іспанська
Опубліковано: Santiago Puntolex 2006
Предмети:
Теги: Додати тег
Немає тегів, Будьте першим, хто поставить тег для цього запису!

MARC

LEADER 00000nam a2200000 a 4500
001 UCJ1356
003 CL-VaPUC
008 061013e20060000CL |||||||||||||||||spa|d
082 0 4 |a 346.830166  |b ZAV  |2 21 
100 0 |a Zavala Ortiz, José Luis  |e author  |9 501977 
700 |a Montecinos Fabio, Carolina  |e autora  |9 522558 
245 1 0 |a Jurisprudencia divorcio 
300 |a 252 p 
942 |c BK 
945 |d 20061013 00:00:00  |a jtorresc 
260 |a Santiago  |b Puntolex  |c 2006 
500 |a www.puntolex.cl 
650 0 |a Divorcio  |9 256204 
650 0 |a Jurisprudencia  |9 255952 
650 0 |a Derecho de familia  |9 255603 
650 0 |a Derecho comparado  |9 255664 
650 0 |a Derecho civil  |9 255013 
651 7 |a CHILE  |2 CL-VaPUC  |9 501979 
583 |a last modification  |c 20061013 00:00:00  |k Rodrigo Vera 
999 |c 317976  |d 317974 
952 |0 0  |1 0  |4 0  |6 346_830166000000000_ZAV_2006  |7 0  |8 A  |9 395112  |a BIBDER  |b BIBDER  |d 2019-11-22  |i 4286952  |o 346.830166 ZAV 2006  |p 4286952  |r 2023-01-25  |w 2019-11-22  |y BK  |k DER 
952 |0 0  |1 0  |4 0  |6 346_830166000000000_ZAV_2006  |7 0  |8 A  |9 395113  |a BIBDER  |b BIBDER  |d 2019-11-22  |i 4306635  |o 346.830166 ZAV 2006  |p 4306635  |r 2023-01-25  |w 2019-11-22  |y BK  |k DER